02254agaaa2200301 45000010005000000030009000050050017000140070009000310080040000400400023000800410013001031000050001161300034001662450224002002500022004242600147004463000034005935080231006275110092008585200658009505380016016085460013016246500059016377000062016967000056017587000070018147000068018845227IT-RoPAU20220918181231.0d cvaizq50131s9999||||xx ||| | || ||und|| aIT-RoPAUcIT-RoPAU aITALIANO aCapitani GiorgiogCodice regista SPICS: 58033 aPAPA GIOVANNI - JOANNES XXIII aPAPA GIOVANNI - JOANNES XXIIIcProdotto da: Bernabei Luca -- Sceneggiatura: Serofolini Massimo Scardamaglia Francesco -- Diretto da: Capitani GiorgiopPAPA GIOVANNI - JOANNES XXIII (Rif. Codice opera principale : H5227) aEdizione Standard a(ITALIA)bLUX VIDE - RAI FICTION - RAI TRADE - EOS INTE / Distribuzione: MULTIMEDIA SAN PAOLOg"2002 (1° ed.: 2004 ; Ed. Lingua Orig.: 2002)" aDVDbsonoro, col.c204 minuti a"Fotografia: Kuveiller Luigi; Montaggio: Siciliano Antonio; Musica: Frisina Marco; Sceneggiatura: Serofolini Massimo Scardamaglia Francesco; Scenografia: Vanorio Francesco; Soggetto: Scardamaglia Francesco -- Zizola Giancarlo" a"Asner Edward; Ghini Massimo; Rich Claude; Mendl Michael; Interlenghi Franco; Rome Syd" a"QUANDO IL 28 OTTOBRE 1958 A 77 ANNI, ANGELO RONCALLI VENNE ELETTO PAPA, NESSUNO POTEVA IMMAGINARE CHE SAREBBE DIVENTATO UNO DEI PAPI PIU' IMPORTANTI DELLA STORIA, TRA I PIU' POPOLARI E RIVOLUZIONARI. ASSUNSE IL NOME DI SUO PADRE, DEL PATRONO DEL SUO PAESE NATALE EDELL'EVANGELISTA DELLA CARITA': GIOVANNI XXIII. AMATO DALLA GENTE, PAPA GIOVANNI MORI' DOPO APPENA QUATTRO ANNI DI PONTIFICATO IL 3 GIUGNO 1963. IL FILM RIPERCORRE LA SUA VITA, DA QUAND'ERA BAMBINO FINO ALLA MORTE SOTTOLINEANDO LE TAPPE DEL SUO SEGRETARIATO A BERGAMO; LA SUA ESPERIENZA IN BULGARIA, IN TURCHIA E A PARIGI; INOLTRE SI SOFFERMA SULLA PREPARAZIONE DEL CONCILIO VATICANO II." aPAL, STEREO aITALIANO aBIOGRAFICOeDVD-FILM [DVD]xCodice MATERIA SPICS: 9947 aCapitani Giorgio e(regista)gCodice regista SPICS: 58033 aFrisina Marcoe(musica)gCodice Musica SPICS: 38406 aScardamaglia Francesco e(soggetto)gCodice Soggetto SPICS: 32801 aZizola Giancarlo e(soggetto)gCodice Soggetto 2° SPICS: 19291